000 01186cam a22002771 4500
001 agr40000090
003 DLC
005 20260227110958.0
008 800620s1940 dcub f000 0 eng
010 _aagr40000090
035 _a(OCoLC)6443891
040 _aDLC
_cScU
_dScU
_dDLC
042 _apremarc
050 0 0 _aS623
_b.U44 no. 9
110 1 _aUnited States.
_bSoil Conservation Service.
245 1 0 _aErosion and related land use conditions on the Spartanburg municipal reservoir watershed, South Carolina.
_cBy Turner C. Bass and Irving L. Martin.
260 _aWashington
_b[U.S. Govt. print. off.]
_c1940.
300 _a16 p.
_b2 maps (1 fold. in pocket)
_c23 cm.
500 _aCover-title.
500 _aIssued by U.S. Dept. of Agriculture. Soil Conservation Service.
500 _a"Field survey by Turner C. Bass, Irving L. Martin, Montague Howard, jr., William E. Jones, Roy P. Matelski, Boyd J. Patton, E.C. Sease, and R. H. Walker."-- p. 1.
500 _aIn pamphlet box with 16 additional folded maps.
700 1 _aBass, Turner Cheshire,
_d1906-
700 1 _aMartin, Irving Lee,
_d1902-
740 0 _aSpartanburg municipal reservoir watershed, South Carolina.
999 _c10006
_d10006